Jeux vidéos par Logos #2 - Statistiques

Statistiques générales
  • Ce quiz a été pris 219 fois
  • Le résultat moyen est 7 sur 20
Statistiques - réponses
Par images Réponse % Correct
Rocket League
97%
Roblox
95%
League of Legends
93%
Mortal Kombat
74%
Chess.com
59%
Boom Beach
50%
Super Smash Bros Ultimate
37%
Clair Obscur : Expedition 33
30%
Injustice
25%
Dave The Diver
18%
Rematch
16%
Planet Zoo
15%
Beyond : Two Souls
11%
Satisfactory
11%
Anno 1800
10%
Crusader King 3
6%
Sid Meier's Civilization VI
5%
Dragon Quest
4%
Project Cars
4%
Fly Corp
3%
Aucun quiz correspondant
Distribution des résultats
% des personnes avec chaque résultat
Percentile par nombre de réponses
Votre historique - résultats
Vous n’avez pas pris ce quiz